000 00693nam a2200181Ia 4500
003 GCL
008 140319s9999 xx 000 0 ara d
040 _aGCL /
_cGCL
082 0 4 _a928.27
_bت ا
100 1 _aمحمود محمود
245 1 0 _aاعترافات تولستوى (هدية من الاديب عبدالفتاح الجمل) :
_bقصة اديب بدأ حياته بالشك فى الدين وانتهى بالايمان اليقين /
_cمحمود محمود
300 _a78 ص
490 _aالهيئة العامة للاستعلامات
_v0
650 0 4 _aالادباء
650 0 4 _aالادباء الروسيون
650 0 4 _aتولستوى, ليو
942 _2ddc
_cBK
999 _c47148
_d47148